Slasher Movies with good IMDb ratings - Statistics

General Stats
  • This quiz has been taken 223 times
  • The average score is 9 of 46
Answer Stats
Rating Year Director Answer % Correct
7.9 1978 John Carpenter Halloween
94%
8.6 1960 Alfred Hitchcock Psycho
87%
7.5 1984 Wes Craven A Nightmare on Elm Street
80%
7.2 1996 Wes Craven Scream
75%
6.5 1981 Sean S. Cunningham Friday the 13th
71%
7.5 1974 Tobe Hooper The Texas Chainsaw Massacre
54%
6.5 1981 John Carpenter Halloween II
38%
6.5 1988 Tom Holland Child's Play
31%
7.2 1974 Bob Clark Black Christmas
29%
7.1 2007 Quentin Tarantino Death Proof
23%
6.5 1992 Bernard Rose Candyman
21%
7.8 1960 Michael Powell Peeping Tom
21%
7.6 2000 Mary Harron American Psycho
19%
7.7 1975 Dario Argento Profondo Rosso
19%
6.9 2005 Rob Zombie The Devil's Rejects
14%
6.7 1980 Dario Argento Inferno
13%
7.2 1986 Michael Mann Manhunter
13%
7.2 1982 Dario Argento Tenebrae
13%
7.1 1980 Brian De Palma Dressed to Kill
12%
6.9 1985 Dario Argento Phenomena
12%
6.5 1987 Chuck Russell A Nightmare on Elm Street III: Dream Warriors
11%
7.2 1987 Dario Argento Opera
11%
6.9 2003 Alexandre Aja Haute Tension
9%
6.5 2011 Adam Wingard You're Next
9%
6.8 1971 Mario Bava Reazione a Catena
8%
7.2 2002 Brett Ratner Red Dragon
8%
7.4 1964 Mario Bava Sei donne per l'assassino
8%
6.5 1980 William Lustig Maniac
7%
6.7 1971 Dario Argento Il gatto a nove code
6%
6.8 1971 Dario Argento 4 mosche di velluto grigio
5%
7.1 1986 John McNaughton Henry: Portrait of a Serial Killer
4%
6.6 1990 Clive Barker Nightbreed
4%
6.8 1987 MIchele Soavi Stage Fright
4%
6.6 1979 Fred Walton When a Stranger Calls
4%
6.8 2006 Scott Glosserman Behind the Mask: The Rise of Leslie Vernon
3%
6.5 1976 Alfred Sole Communion
3%
7.3 2003 James Mangold Identity
3%
7.3 1986 Robert Harmon The Hitcher
3%
7.6 2010 Eli Craig Tucker & Dale vs. Evil
3%
7.1 2005 Christian Alvart Antikörper
1%
6.5 2009 David Twohy A Perfect Getaway
1%
6.5 1995 Jon Amiel Copycat
1%
6.7 1988 Frank LaLoggia Lady in White
1%
7.0 1979 Bob Clark Murder by Decree
1%
6.6 2006 Christopher Smith Severance
1%
7.3 1973 Douglas Hickox Theatre of Blood
1%
No matching quizzes found
Score Distribution
Percent of People with Each Score
Percentile by Number Answered
Your Score History
You have not taken this quiz